Vysokoúčinná nitritácia kalových vôd - vplyv substrátovej a produktovej inhibície a regulácie pH diplomová práca

Salvato in:
Dettagli Bibliografici
Autore principale: Poláková, Denisa
Natura: Libro
Lingua:slovacco
Pubblicazione: Bratislava STU FCHPT 2018
Accesso online:Visualizza in OPAC
Tags: Aggiungi Tag
Nessun Tag, puoi essere il primo ad aggiungerne!!

MARC

LEADER 00000nam a2200000 a 4500
005 20260127134045.0
008 180731 2018 xo a 001 0 slo d
035 |a vtls011769868 
039 9 |a 201808101348  |b mschk03  |y 201807311320  |z mschk03 
040 |a STUSCHK1  |b slo  |c STUSCHK1  |e AACR2 
100 1 |a Poláková, Denisa 
245 1 |a Vysokoúčinná nitritácia kalových vôd - vplyv substrátovej a produktovej inhibície a regulácie pH  |b diplomová práca  |c Denisa Poláková 
260 |a Bratislava  |b STU FCHPT  |c 2018 
300 |a 62 s.  |b il.  |c 25 cm 
500 |a Študijný program: technológie ochrany životného prostredia 
500 |a Študijný odbor: chemické technológie 
500 |a Školiace pracovisko: Oddelenie environmentálneho inžinierstva 
500 |a Evid. číslo: FCHPT-100568-61548 
910 |a SCHK95 
999 |c 3085  |d 3085